000 00860nam a2200265Ia 4500
003 OSt
005 20220923220504.0
006 a|||||r|||| 00| 0
007 ta
008 220922b |||||||| |||| 00| 0 hin d
024 _a186,931
037 _cTextual
040 _aARTS
_cARTS
_bhin
041 _2hin
_ahin
082 _aX:8M4, 152L4
100 _aविराज
245 0 _aप्रामाणिक आलेखन और टिप्पणी
246 _aPrāmāṇik ālekhan aur ṭippaṇī
260 _aदिल्ली
_b राजपाल एण्ड सन्ज
_c1974
300 _a172पृ.
_ccm.
650 _a भारतीय अर्थव्यवस्था
650 _aअर्थशास्त्र
942 _hX:8M4, 152L4
_cTEXL
_2CC
999 _c340174
_d340174